Normal view
MARC view
- مجلة فورتشن ؛ ترجمة: كامل عطا ،رشاد بدران ؛ مراجعة: رشاد بدران ؛ تقديم : حسين عمر
Entry Personal Name
001 - CONTROL NUMBER
- control field: 15536
003 - CONTROL NUMBER IDENTIFIER
- control field: JO-AjAnu
005 - DATE AND TIME OF LATEST TRANSACTION
- control field: 20230606072759.0
008 - FIXED-LENGTH DATA ELEMENTS
- fixed length control field: 230606|| aca||aabn | a|a d
040 ## - CATALOGING SOURCE
- Original cataloging agency: JO-AjAnu
- Transcribing agency: JO-AjAnu
100 ## - HEADING--PERSONAL NAME
- Personal name: مجلة فورتشن ؛ ترجمة: كامل عطا ،رشاد بدران ؛ مراجعة: رشاد بدران ؛ تقديم : حسين عمر
670 ## - SOURCE DATA FOUND
- Source citation: Work cat.: (JO-AjAnu)7979: مجلة فورتشن ؛ ترجمة: كامل عطا ،رشاد بدران ؛ مراجعة: رشاد بدران ؛ تقديم : حسين عمر, author, طريقك إلى الثراء : قصص نجاح تحولت إلى مشروعات مربحة